MARC details
| 000 -CABECERA |
| campo de control de longitud fija |
01607nam a2200313 4500 |
| 003 - IDENTIFICADOR DEL NÚMERO DE CONTROL |
| campo de control |
EC-UNACH |
| 006 - CÓDIGOS DE INFORMACIÓN DE LONGITUD FIJA--CARACTERÍSTICAS DEL MATERIAL ADICIONAL |
| campo de control de longitud fija |
s||||gr|||| 00| 00 |
| 008 - DATOS DE LONGITUD FIJA--INFORMACIÓN GENERAL |
| campo de control de longitud fija |
150116t9999 mx r gr 000 0 spa d |
| 020 ## - NÚMERO INTERNACIONAL ESTÁNDAR DEL LIBRO |
| Número Internacional Estándar del Libro |
978-958-8269-53-5 |
| 040 ## - FUENTE DE LA CATALOGACIÓN |
| Centro catalogador/agencia de origen |
EC-UNACH |
| Centro/agencia transcriptor |
EC-UNACH |
| 041 ## - CÓDIGO DE LENGUA |
| Código de lengua del texto/banda sonora o título independiente |
spa |
| 082 04 - NÚMERO DE LA CLASIFICACIÓN DECIMAL DEWEY |
| Número de edición |
23 |
| Número de clasificación |
616.8 |
| Número de documento/Ítem |
L017423 |
| 100 ## - ENTRADA PRINCIPAL--NOMBRE DE PERSONA |
| Nombre de persona |
Vidarte, Carlos |
| 245 ## - MENCIÓN DE TÍTULO |
| Título |
TDAH y Motricidad |
| Resto del título |
perfil psicomotor de los niños diagnosticados clínicamente con TDAH |
| 250 ## - MENCIÓN DE EDICIÓN |
| Mención de edición |
Primera Edición |
| 264 ## - Producción, publicación, distribución, fabricación y copyright |
| Lugar de producción, publicación, distribución, fabricación |
Colombia |
| Nombre del de productor, editor, distribuidor, fabricante |
Editorial Kinesis |
| Fecha de de producción, publicación, distribución, fabricación o copyright |
2010 |
| 300 ## - DESCRIPCIÓN FÍSICA |
| Extensión |
188 p. |
| Otras características físicas |
Tablas, Gráficos |
| Dimensiones |
24 cm. |
| 500 ## - NOTA GENERAL |
| Nota general |
El trastorno por déficit de atención constituye un problema de salud relevante, junto a la dislexia es la causa mas importante del fracaso escolar |
| 501 ## - NOTA DE "CON" |
| Nota de “Con” |
El concepto de trastorno ha evolucionado, a pesar de los problemas derivados del trastorno cabe señalar que muchos niños con TDAH presentan características positivas, desde la motricidad, la actividad física a desarrollar intervenciones multimodales |
| 504 ## - NOTA DE BIBLIOGRAFÍA, ETC. |
| Bibliografía, etc. |
Bibliografía |
| 505 ## - NOTA DE CONTENIDO CON FORMATO |
| Nota de contenido con formato |
El trastorno por déficit de atención e hiperactividad.- Tipos de TDAH.- Prevalencia.- Factores genéticos.- Factores neuroanatómicos.- Especificaciones de gravedad.-Comorbilidad con trastornos de aprendizaje.- Etapa desde los 5 hasta los 12 años.- Factores y subfactores del desarrollo psicomotor.- Alteraciones del desarrollo psicomotor |
| 650 ## - PUNTO DE ACCESO ADICIONAL DE MATERIA--TÉRMINO DE MATERIA |
| Término de materia o nombre geográfico como elemento inicial |
PERFIL PSICOMOTOR |
| 650 ## - PUNTO DE ACCESO ADICIONAL DE MATERIA--TÉRMINO DE MATERIA |
| Término de materia o nombre geográfico como elemento inicial |
NIÑOS |
| 650 ## - PUNTO DE ACCESO ADICIONAL DE MATERIA--TÉRMINO DE MATERIA |
| Término de materia o nombre geográfico como elemento inicial |
TDAH |
| 942 ## - ELEMENTOS DE PUNTO DE ACCESO ADICIONAL (KOHA) |
| Fuente del sistema de clasificación o colocación |
Clasificación Decimal Dewey |
| Tipo de ítem Koha |
Libros |
| 999 ## - NÚMEROS DE CONTROL DE SISTEMA (KOHA) |
| Koha biblionumber |
14411 |